Statistiques concernant Devinez quel est l'entraineur de foot ?

Cliquez ici pour prendre le quiz!

Statistiques générales

  • Ce quiz a été pris 111 fois
  • Le résultat moyen est 12 sur 15

Statistiques - réponses

CarrièreEntraineur% Correct
AS Monaco - Juventus FC - Olympique de Marseille - FranceDidier Deschamps
96%
FC Barcelone B - FC Barcelone - Bayern Munich - Manchester CityPep Guardiola
96%
Real Madrid - Pas de club - Real MadridZinédine Zidane
96%
Benfica - UD Leiria - FC Porto - Chelsea FC - Inter Milan - Real Madrid - Chelsea FC - Manchester United - Tottenham Hotspur - AS RomeJosé Mourinho
94%
Racing Club - Estudiantes LP - River Plate - San Lorenzo - Calcio Catane - Racing Club - Atletico de MadridDiego Simeone
92%
AC Reggiana - Parme AC - Juventus FC - AC Milan - Chelsea FC - Paris Saint-Germain - Real Madrid - Bayern Munich - SSC Naples - Everton FC - Real MadridCarlo Ancelotti
91%
FC Barcelone B - AS Rome - Celta Vigo - FC Barcelone - Espagne - Paris Saint GermainLuis Enrique
91%
FSV Mayence 05 - Borussia Dortmund - Paris Saint-Germain - Chelsea FC - Bayern MunichThomas Tuchel
90%
FSV Mayence 05 - Borussia Dortmund - Liverpool FCJürgen Klopp
89%
AS Nancy-Lorraine - AS Monaco - Nagoya Grampus Eight - Arsenal FCArsène Wenger
88%
East Stirlingshire - St Mirren FC - Aberdeen FC - Écosse - Manchester UnitedSir Alex Ferguson
84%
Newell's Old Boys - CF Atlas - Club América - Vélez Sarsfield - RCD Espanyol - Argentine - Chili - Athletic Bilbao - Olympique de Marseille - Lazio Rome - LOSC Lille - Leeds United - UruguayMarcelo Bielsa
83%
Olympique lyonnais - Girondins de Bordeaux - Montpellier HSC - AS Nancy-Lorraine - FranceAimé Jacquet
48%
SC Bastia - Gamba Osaka - SC Bastia - AS Saint-Étienne - OGC Nice - Stade Rennais - LOSC Lille - FC Metz - Pas de club - FC Metz - RC StrasbourgFrédéric Antonetti
36%
CS Alagoano - Juventude - Al-Shabab - Brasil de Pelotas - Juventude - Grêmio - Goiás EC - Al Qadisiya - Koweït - Criciúma EC - Al Ahli - Al Qadisiya - Grêmio - Júbilo Iwata - Palmeiras - Cruzeiro - Brésil - Portugal - Chelsea FC - FK Bunyodkor - Palmeiras - Brésil - Grêmio - Guangzhou Evergrande - Palmeiras - Cruzeiro - Grêmio - Athletico Paranaense - Atlético MineiroLuiz Felipe Scolari
17%

Distribution des résultats

Percentile par nombre de réponses

% des personnes avec chaque résultat

Votre développement - résultats

Vous n’avez pas pris ce quiz